| 000 | 00350nam a2200133Ia 4500 | ||
|---|---|---|---|
| 005 | 20260328104252.0 | ||
| 008 | 260328s9999||||xx |||||||||||||| ||und|| | ||
| 100 | _aBoddy, Trevor | ||
| 245 | 0 |
_aBlue Sky Living : _b The Architecture of Helliwell + Smith / _cTrevor Boddy |
|
| 260 | _bImages | ||
| 300 | _a148 p. | ||
| 650 | _aARQUITECTOS | ||
| 942 | _cBK | ||
| 999 |
_c10291 _d10291 |
||